书目信息 |
| 题名: |
美丽的烦恼
|
|
| 作者: | 颜蕴文 , 徐晓军 著 | |
| 分册: | ||
| 出版信息: | 合肥 安徽文艺出版社 2016 |
|
| 页数: | 221页 | |
| 开本: | 21cm | |
| 丛书名: | ||
| 单 册: | ||
| 中图分类: | R655.8 | |
| 科图分类: | ||
| 主题词: | 乳房--ru fang--保健--基本知识 | |
| 电子资源: | ||
| ISBN: | 978-7-5396-5794-3 | |
| 000 | 00909nam0 22002531 450 | |
| 001 | 0120082059 | |
| 005 | 20170320085925.92 | |
| 010 | @a978-7-5396-5794-3@dCNY38.00 | |
| 100 | @a20161129d2016 em y0chiy50 ea | |
| 101 | 0 | @achi |
| 102 | @aCN@b340000 | |
| 105 | @aa z 000yy | |
| 106 | @ar | |
| 200 | 1 | @a美丽的烦恼@9mei li de fan nao@e与女性朋友谈乳腺保健@f颜蕴文,徐晓军著 |
| 210 | @a合肥@c安徽文艺出版社@d2016 | |
| 215 | @a221页@c照片@d21cm | |
| 330 | @a本书分为七篇,内容包括:乳腺专科门诊常见疾病的诊疗、初诊初治乳腺癌、乳腺癌怎样选择检查方法、乳腺癌治疗的最新进展、特殊人群乳腺癌及乳腺癌的家族性等。 | |
| 517 | 1 | @a与女性朋友谈乳腺保健@9yu nv xing peng you tan ru xian bao jian |
| 606 | 0 | @a乳房@9ru fang@x保健@x基本知识 |
| 690 | @aR655.8@v5 | |
| 701 | 0 | @a颜蕴文@9yan yun wen@4著 |
| 701 | 0 | @a徐晓军@9xu xiao jun@4著 |
| 801 | 0 | @aCN@bTANGWEI@c20170308 |
| 905 | @b0955836-9@dR655.8@e45@f4 | |
| 美丽的烦恼:与女性朋友谈乳腺保健/颜蕴文,徐晓军著.-合肥:安徽文艺出版社,2016 |
| 221页:照片;21cm |
| ISBN 978-7-5396-5794-3:CNY38.00 |
| 本书分为七篇,内容包括:乳腺专科门诊常见疾病的诊疗、初诊初治乳腺癌、乳腺癌怎样选择检查方法、乳腺癌治疗的最新进展、特殊人群乳腺癌及乳腺癌的家族性等。 |
| ● |
| 相关链接 |
|
|
|
|
正题名:美丽的烦恼
索取号:R655.8/45
 
预约/预借
| 序号 | 登录号 | 条形码 | 馆藏地/架位号 | 状态 | 备注 |
| 1 | 0955836 | 209558361 | 第二样本阅览室/ [索取号:R655.8/45] | 在馆 | |
| 2 | 0955837 | 209558370 | 第三借阅区/ [索取号:R655.8/45] | 在馆 | |
| 3 | 0955838 | 209558389 | 第三借阅区/ [索取号:R655.8/45] | 在馆 | |
| 4 | 0955839 | 209558398 | 第三借阅区/ [索取号:R655.8/45] | 在馆 |